| 000 | 01028cam a22002297a 4500 | ||
|---|---|---|---|
| 020 | _a9789251068779 | ||
| 020 | _a9251068771 | ||
| 040 | _cBTCTA | ||
| 082 | _a634 ROM 2011 A035 Or. | ||
| 245 | 0 | 0 |
_aGuide to good practice in contract labour in forestry : _breport of the UNECE/FAO Team of Specialists on the Best Practices in Forest Contracting / |
| 246 | 3 | 0 | _aReport of the UNECE/FAO Team of Specialists on the Best Practices in Forest Contracting |
| 246 | 3 | _aReport of the United Nations Economic Commission for Europe/Food and Agriculture Organization of the United Nations Team of Specialists on the Best Practices in Forest Contracting | |
| 260 |
_aRome : _bFood and Agriculture Organization of the United Nations, _c2011. |
||
| 300 |
_ax, 61 p. : _bill. ; _c25 cm. |
||
| 650 | 0 | _aContracting out. | |
| 650 | 0 | _aForests and forestry | |
| 650 | 0 | _aForest policy | |
| 700 | 1 | _aKastenholz, Edgar. | |
| 710 | 2 | _aFood and Agriculture Organization of the United Nations. | |
| 710 | 2 | _aUnited Nations. | |
| 942 | _cAEDBB | ||
| 999 |
_c20866 _d20866 |
||